| 000 | 01388nam a22003017a 4500 | ||
|---|---|---|---|
| 001 | 00228 | ||
| 003 | DO-SdBNP | ||
| 005 | 20180315114014.0 | ||
| 007 | 00228 | ||
| 008 | 160418b dr 2003||||| |||| 00| 0 spa d | ||
| 040 |
_aBPMSU _bspa _cBPMSU |
||
| 082 | 0 | 4 |
_a373.6561 _bB715m 2do. 2003 |
| 100 | 1 |
_aBonilla, Santiago, _d1961- |
|
| 245 | 1 |
_aManual de lengua española II : _bteoría y prática, _cSantiago Bonilla |
|
| 260 |
_aSanto Domingo : _bUniversitaria, _c2003. |
||
| 300 |
_a167 p. : _c27 cm. |
||
| 500 | _aIncluye datos biográficos del autor en la contracubierta | ||
| 505 |
_tLa comunicación -- _tConsideraciones teóricas sobre comunicación -- _tLa comunicacioncorporativa suprafilosófica -- -- _tEl párrafo y su estructura -- _tMétodos de desarrollo del párrafo -- _tEl resumen -- _tLa exposición -- _tEl informe -- _tEl comentario -- _tEl ensayo -- _tLa narración -- _tLos tipos de lenguas -- _tEl estilo -- _tLas imágenes artísticas -- _tFiguras literarias -- _tLa descripción. |
||
| 650 | 4 |
_aESPAÑOL _xENSEÑANZA UNIVERSITARIA |
|
| 650 | 4 |
_aESPAÑOL _xEDUCACIÓN UNIVERSITARIA |
|
| 650 | 4 |
_aESPAÑOL _xESTUDIOS Y EJERCICIOS |
|
| 650 | 4 |
_aESPAÑOL _xLIBROS DE TEXTOS |
|
| 650 | 4 |
_aEDUCACIÓN SUPERIOR _zREPÚBLICA DOMINICANA |
|
| 910 | _aValidado. Control de calidad MFF | ||
| 942 |
_2ddc _cBK |
||
| 945 | _aRemanejado para la BNPHU / 2018 VM | ||
| 956 | _aBrenda Tavárez | ||
| 999 |
_c9822 _d9822 |
||